<?xml version="1.0" encoding="UTF-8"?>
<record
    xmlns:xsi="http://www.w3.org/2001/XMLSchema-instance"
    xsi:schemaLocation="http://www.loc.gov/MARC21/slim http://www.loc.gov/standards/marcxml/schema/MARC21slim.xsd"
    xmlns="http://www.loc.gov/MARC21/slim">

  <leader>01874aab a2200433 a 4500</leader>
  <controlfield tag="003">AR-RoUNA</controlfield>
  <controlfield tag="008">140529|||||||||||||||||     |||| 0|||| d</controlfield>
  <datafield tag="022" ind1=" " ind2=" ">
    <subfield code="a">0210-2080</subfield>
  </datafield>
  <datafield tag="040" ind1=" " ind2=" ">
    <subfield code="a">AR-RoUNA</subfield>
    <subfield code="b">spa</subfield>
  </datafield>
  <datafield tag="041" ind1=" " ind2=" ">
    <subfield code="a">spa</subfield>
    <subfield code="a">eng</subfield>
  </datafield>
  <datafield tag="044" ind1=" " ind2=" ">
    <subfield code="a">ag</subfield>
  </datafield>
  <datafield tag="080" ind1=" " ind2=" ">
    <subfield code="a">72.036</subfield>
  </datafield>
  <datafield tag="092" ind1=" " ind2=" ">
    <subfield code="l">ON58</subfield>
  </datafield>
  <datafield tag="245" ind1="1" ind2="3">
    <subfield code="a">On Dise&#xF1;o /</subfield>
    <subfield code="n">N&#xBA; 166</subfield>
  </datafield>
  <datafield tag="260" ind1=" " ind2=" ">
    <subfield code="a">Barcelona :</subfield>
    <subfield code="b">On Dise&#xF1;o,</subfield>
    <subfield code="c">1996</subfield>
  </datafield>
  <datafield tag="300" ind1=" " ind2=" ">
    <subfield code="a">195 p. :</subfield>
    <subfield code="b">dib.</subfield>
    <subfield code="b">fot. col.</subfield>
    <subfield code="b">plantas</subfield>
    <subfield code="c">29x24 cm</subfield>
  </datafield>
  <datafield tag="505" ind1="0" ind2=" ">
    <subfield code="t">ESPACIOS  URBANOS</subfield>
  </datafield>
  <datafield tag="505" ind1="0" ind2=" ">
    <subfield code="a">Barba Gonz&#xE1;lez Jos&#xE9; /Jardines de Santa B&#xE1;rbara. Toledo. p. 88</subfield>
  </datafield>
  <datafield tag="505" ind1="0" ind2=" ">
    <subfield code="a">Puebla Joan / Parque de la Riera. (Polinya. Barcelona). p. 98</subfield>
  </datafield>
  <datafield tag="505" ind1="0" ind2=" ">
    <subfield code="t">DISE&#xD1;O</subfield>
    <subfield code="a">Ballart Francesc. Tevar Grego / Joyer&#xED;a contempor&#xE1;nea.. p 106</subfield>
  </datafield>
  <datafield tag="505" ind1="0" ind2=" ">
    <subfield code="t">ARQUITECTURA E INTERIORISMO DOM&#xC9;STICOS</subfield>
  </datafield>
  <datafield tag="505" ind1="0" ind2=" ">
    <subfield code="a">Miralles y Tagliabue Benedetta/ Restauraci&#xF3;n de una casa antigua en Barcelona. p. 118</subfield>
  </datafield>
  <datafield tag="505" ind1="0" ind2=" ">
    <subfield code="a">Puig Antoni. Juampere Jos&#xE9; / Apartamento en Barcelona. p. 136</subfield>
  </datafield>
  <datafield tag="505" ind1="0" ind2=" ">
    <subfield code="a">Sanvisens Carmina / Vivienda unifamiliar en Barcelona. p. 144</subfield>
  </datafield>
  <datafield tag="505" ind1="0" ind2=" ">
    <subfield code="a">Corea Mario y Davis David/ Pent House en Saint Louis, Missouri. p. 152</subfield>
  </datafield>
  <datafield tag="505" ind1="0" ind2=" ">
    <subfield code="a">Sust Xavier y Teixidor  Pepita/ Rehabilitaci&#xF3;n de una vivienda en la Nou de Gaia (Tarragona). p. 160</subfield>
  </datafield>
  <datafield tag="505" ind1="0" ind2=" ">
    <subfield code="t">OFICINAS</subfield>
  </datafield>
  <datafield tag="505" ind1="0" ind2=" ">
    <subfield code="a">Reestructuraci&#xF3;n de un edificio de oficinas en Madrid Rafael de la Hoz.. p.  172</subfield>
  </datafield>
  <datafield tag="505" ind1="0" ind2=" ">
    <subfield code="a">Mestre Octavio, arquitectos y asociados / Rehabilitaci&#xF3;n de un antiguo edificio comercial en Barcelona. Refuncionalizaci&#xF3;n. p.188</subfield>
  </datafield>
  <datafield tag="650" ind1=" " ind2=" ">
    <subfield code="a">Arquitectura contemporanea</subfield>
    <subfield code="9">12621</subfield>
  </datafield>
  <datafield tag="650" ind1=" " ind2=" ">
    <subfield code="a">Urbanismo</subfield>
    <subfield code="9">5</subfield>
  </datafield>
  <datafield tag="700" ind1="1" ind2=" ">
    <subfield code="a">Llopis, Carme</subfield>
    <subfield code="e">drt</subfield>
    <subfield code="9">12622</subfield>
  </datafield>
  <datafield tag="773" ind1=" " ind2=" ">
    <subfield code="a">On Dise&#xF1;o</subfield>
    <subfield code="d">Barcelona, AramEdiciones S.A.</subfield>
    <subfield code="g">N&#xBA; 166 (1995). p.195</subfield>
    <subfield code="x">0210-2080 </subfield>
  </datafield>
  <datafield tag="908" ind1=" " ind2=" ">
    <subfield code="a">Imp</subfield>
  </datafield>
  <datafield tag="930" ind1=" " ind2=" ">
    <subfield code="c">174</subfield>
    <subfield code="e">11442</subfield>
  </datafield>
  <datafield tag="942" ind1=" " ind2=" ">
    <subfield code="2">udc</subfield>
    <subfield code="c">ART</subfield>
  </datafield>
  <datafield tag="945" ind1=" " ind2=" ">
    <subfield code="a">MBP</subfield>
    <subfield code="d">2019-02-20</subfield>
  </datafield>
  <datafield tag="980" ind1=" " ind2=" ">
    <subfield code="8">6</subfield>
    <subfield code="g">Mirna Bonanno Potro</subfield>
    <subfield code="6">6</subfield>
    <subfield code="a">Mirna Bonanno Potro</subfield>
  </datafield>
  <datafield tag="999" ind1=" " ind2=" ">
    <subfield code="c">12124</subfield>
    <subfield code="d">12124</subfield>
  </datafield>
  <datafield tag="952" ind1=" " ind2=" ">
    <subfield code="0">0</subfield>
    <subfield code="1">0</subfield>
    <subfield code="2">udc</subfield>
    <subfield code="4">0</subfield>
    <subfield code="5">0</subfield>
    <subfield code="7">0</subfield>
    <subfield code="a">AR-RoUNA</subfield>
    <subfield code="b">AR-RoUNA</subfield>
    <subfield code="c">Heme</subfield>
    <subfield code="d">2025-09-18</subfield>
    <subfield code="e">Don</subfield>
    <subfield code="l">0</subfield>
    <subfield code="o">72.036</subfield>
    <subfield code="p">1002757</subfield>
    <subfield code="r">2025-09-18</subfield>
    <subfield code="t">ej. 1</subfield>
    <subfield code="w">2025-09-18</subfield>
    <subfield code="y">ART</subfield>
    <subfield code="k">K400</subfield>
    <subfield code="x"></subfield>
  </datafield>
</record>
